[Event "Koltsovo Naukograd op"]
[Site "Koltsovo"]
[Date "2008.07.03"]
[Round "6"]
[White "Konyukhov, Mikhail"]
[Black "Shevchenko, Vitaly"]
[Result "0-1"]
[WhiteElo "1886"]
[BlackElo "2122"]
[PlyCount "96"]
[EventDate "2008.06.28"]
[EventType "swiss"]
[EventRounds "9"]
[EventCountry "RUS"]
[SourceTitle "EXT 2022"]
[Source "ChessBase"]
[SourceDate "2021.10.06"]
[SourceVersion "1"]
[SourceVersionDate "2021.10.06"]
[SourceQuality "1"]

1. Nf3 b6 2. g3 Bb7 3. Bg2 e5 4. d3 g6 5. 0-0 Bg7 6. c4 Ne7 7. Nc3 0-0 8. e4 c5 9. Ne1 Nbc6 10. Nc2 d6 11. Ne3 f5 12. Ned5 h6 13. exf5 Nxf5 14. Ne4 Qd7 15. Bd2 Rf7 16. Bc3 Raf8 17. Qd2 Ncd4 18. Ne3 Nxe3 19. fxe3 Nf3+ 20. Bxf3 Rxf3 21. Rxf3 Rxf3 22. Qe2 Qg4 23. h3 Rxg3+ 24. Nxg3 Qxg3+ 25. Kf1 Qxh3+ 26. Ke1 Bf3 27. Qf2 g5 28. Kd2 g4 29. b4 Qg2 30. Rf1 h5 31. bxc5 bxc5 32. Ke1 h4 33. Qxg2 Bxg2 34. Rf2 h3 35. Rxg2 hxg2 36. Kf2 e4 37. d4 cxd4 38. exd4 Kf7 39. Kxg2 Kg6 40. Kg3 Kf5 41. Bb4 Bxd4 42. Bxd6 e3 43. Bb4 Be5+ 44. Kg2 Ke4 45. Bc5 a5 46. Bb6 Bc3 47. Kg3 e2 48. Bf2 e1Q 0-1

[Event "Novosibirsk-ch U18 op"]
[Site "Novosibirsk"]
[Date "2007.10.03"]
[Round "7"]
[White "Loginov, Vladislav"]
[Black "Konyukhov, Mikhail"]
[Result "1/2-1/2"]
[WhiteElo "2086"]
[BlackElo "1852"]
[PlyCount "78"]
[EventDate "2007.09.25"]
[EventType "swiss"]
[EventRounds "9"]
[EventCountry "RUS"]
[SourceTitle "EXT 2022"]
[Source "ChessBase"]
[SourceDate "2021.10.06"]
[SourceVersion "1"]
[SourceVersionDate "2021.10.06"]
[SourceQuality "1"]

1. d4 Nf6 2. c4 e6 3. Nc3 Bb4 4. e3 c5 5. Bd3 Nc6 6. Nf3 Bxc3+ 7. bxc3 d6 8. e4 e5 9. d5 Ne7 10. Nh4 Ng6 11. Nf5 0-0 12. 0-0 Ne8 13. g3 Bd7 14. Re1 Qa5 15. Bd2 Rb8 16. a4 f6 17. Qh5 Qd8 18. f4 Ne7 19. Nxe7+ Qxe7 20. f5 Nc7 21. Reb1 Qf7 22. Qe2 g5 23. fxg6 Qxg6 24. Rf1 Rf7 25. a5 Rbf8 26. Rab1 Bc8 27. Rf2 Kh8 28. Kh1 Ne8 29. Qe3 Ng7 30. Qh6 Nh5 31. Rg1 Qxh6 32. Bxh6 Rg8 33. Be2 Bg4 34. Bf1 Rg6 35. Be3 Bc8 36. Be2 Bg4 37. Bf1 Bc8 38. Be2 Bg4 39. Bf3 Bh3 1/2-1/2

[Event "Novosibirsk-ch U18 op"]
[Site "Novosibirsk"]
[Date "2007.09.29"]
[Round "4"]
[White "Konyukhov, Mikhail"]
[Black "Sydykova, Tamara"]
[Result "1-0"]
[WhiteElo "1852"]
[BlackElo "1828"]
[PlyCount "57"]
[EventDate "2007.09.25"]
[EventType "swiss"]
[EventRounds "9"]
[EventCountry "RUS"]
[SourceTitle "EXT 2022"]
[Source "ChessBase"]
[SourceDate "2021.10.06"]
[SourceVersion "1"]
[SourceVersionDate "2021.10.06"]
[SourceQuality "1"]

1. e4 c5 2. Nf3 Nc6 3. d4 cxd4 4. Nxd4 Nf6 5. Nc3 d6 6. Bg5 Qb6 7. Nb3 Ng4 8. Qd2 h6 9. Bh4 g5 10. Bg3 Bg7 11. 0-0-0 Be6 12. Nd5 Bxd5 13. exd5 Nb4 14. Kb1 Rc8 15. a3 Na6 16. Be2 Ne5 17. h4 gxh4 18. Rxh4 Nc5 19. Nd4 Kd8 20. Nf5 Bf6 21. Rb4 Qa5 22. Nxh6 Rh7 23. Bxe5 Bxe5 24. Bg4 Rb8 25. Rh1 Kc7 26. Bf5 Rg7 27. Ng4 b5 28. Nxe5 dxe5 29. Qh6 1-0

[Event "Novosibirsk-ch U18 op"]
[Site "Novosibirsk"]
[Date "2007.09.25"]
[Round "1"]
[White "Sinitsin, Roman"]
[Black "Konyukhov, Mikhail"]
[Result "1-0"]
[WhiteElo "2262"]
[BlackElo "1852"]
[PlyCount "121"]
[EventDate "2007.09.25"]
[EventType "swiss"]
[EventRounds "9"]
[EventCountry "RUS"]
[SourceTitle "EXT 2022"]
[Source "ChessBase"]
[SourceDate "2021.10.06"]
[SourceVersion "1"]
[SourceVersionDate "2021.10.06"]
[SourceQuality "1"]

1. d4 e6 2. c4 Nf6 3. Nf3 b6 4. Nc3 Bb7 5. e3 d5 6. cxd5 Nxd5 7. Bd3 c5 8. 0-0 Be7 9. e4 Nxc3 10. bxc3 Nd7 11. a4 0-0 12. Qe2 Qc7 13. a5 cxd4 14. a6 Bc6 15. cxd4 Rac8 16. Ba3 Nf6 17. Rfc1 Bxa3 18. Rxa3 Qb8 19. Rac3 Qa8 20. h3 Bd7 21. e5 Rxc3 22. Rxc3 Nh5 23. Ng5 g6 24. Nxh7 Rc8 25. Rxc8+ Qxc8 26. Nf6+ Nxf6 27. exf6 Qc1+ 28. Kh2 Qf4+ 29. Kg1 Qc1+ 30. Qf1 Qf4 31. Qd1 Qxf6 32. Qg4 Qe7 33. Qe4 Qa3 34. Bf1 Qa1 35. Qe5 Qc1 36. f3 Qc8 37. Kh2 Bc6 38. Bd3 Qd7 39. Kg3 Bd5 40. h4 f5 41. Qf6 Qg7 42. Qxg7+ Kxg7 43. Kf4 Kf6 44. Bb5 Bb3 45. g4 fxg4 46. fxg4 Bd1 47. Bd3 Ba4 48. g5+ Kf7 49. Ke5 Be8 50. Kd6 b5 51. Kc7 Ke7 52. Be4 b4 53. Bc2 Bf7 54. Kc6 Be8+ 55. Kc5 Kd8 56. Kxb4 Kc7 57. Kc5 Bf7 58. Ba4 Kc8 59. Kd6 Kd8 60. Bd7 Bg8 61. Bxe6 1-0